Tier Quiz - Schwer #1 - Statistiken

Allgemein
  • Dieses Quiz wurde 254 mal gespielt
  • Das Durchschnittsergebnis liegt bei 10 aus 20
Antwortstatistiken
Frage Antwort % Korrekt
Welches Tier ist das Symbol der World Wildlife Found (WWF)? Großer Panda
91%
Welcher Vogel legt die größten Eier? Strauß
87%
Welches Tier ähnelt dem Menschen am meisten? Bonobo / Schimpanse
83%
Löwen in einer Gruppe nennt man ein... Rudel
81%
Welche Farbe haben die Eier von Rotkehlchen? Blau
79%
Was ist ein Araber? Pferd
77%
Wie nennt man eine Kreuzung zwischen Pferd und Esel? Maulesel / Maultier
75%
Wie heißt das Jungtier des Wildschweins? Frischling
69%
Wie heißen die Eckzähne des Ebers? Hauer
56%
Wie nennt man die Verwandlung einer Raupe in einen Schmetterling? Metamorphose
54%
Fische schwimmen in Schwärmen, Delfine schwimmen in... Schulen
49%
Wie nennt man die Umzüchtung von Wildtieren zu Haustieren? Domestizierung
39%
Welches ist das schnellste Tier? Wanderfalke
35%
Zu welcher Tierklasse gehören Skorpione? Spinnentiere
33%
Was ist der deutsche Ausdruck für "Felis catus"? Hauskatze
28%
Welches Tier überträgt die Beulenpest? Floh
24%
Wie heißt die Wildform des Hausrindes? Auerochse
21%
Bei Säugetieren unterscheidet man Sohlengänger, Spitzengänger und... Zehengänger
21%
Wie nennt man den von einer Lebensgemeinschaft besiedelten Raum in einem bestimmten Gebiet? Biotop
14%
Welches Tier besitzt das größte Auge? Kolosskalmar
7%
Keine übereinstimmenden Quizze gefunden
Verteilung der Resultate
Anzahl Personen mit jedem Resultat
Perzentil nach korrekt beantworteten Fragen
Ihre Resultats-Entwicklung
Sie haben dieses Quiz noch nicht gespielt